000 00676cam a22002293a 4500
001 19045
003 PGUSA
005 20140828083414.0
008 060814s2006||||xxu|||||s|||||000 1 eng d
040 _aPGUSA
_beng
042 _adc
050 4 _aPQ
100 1 _aChevalier, H. Emile
_q(Henri Emile),
_d1828-1879
245 1 0 _aPeaux-rouges et Peaux-blanches
_h[electronic resource] /
_cH. Emile Chevalier
260 _bProject Gutenberg,
_c2006
506 _aPublic domain in the USA.
516 _aElectronic text
653 _aIndians of North America -- Fiction
830 0 _aProject Gutenberg
_v19045
856 4 0 _uhttp://www.gutenberg.org/ebooks/19045
942 _cEB
999 _c248300
_d248300